| 000 | 00872nam a2200253Ia 4500 | ||
|---|---|---|---|
| 003 | OSt | ||
| 005 | 20220923224908.0 | ||
| 006 | a|||||r|||| 00| 0 | ||
| 007 | ta | ||
| 008 | 220922b |||||||| |||| 00| 0 hin d | ||
| 024 | _a253,289 | ||
| 037 | _cTextual | ||
| 040 |
_aARTS _cARTS _bhin |
||
| 041 |
_2hin _ahin |
||
| 082 | _aO152,3xN1, J5 | ||
| 100 | _aभट्ट, विश्वम्भरनाथ, संपा. | ||
| 245 | 0 | _aसरस कहानी - संग्रह | |
| 246 | _aSaras kahānī - sangraha | ||
| 260 |
_aदिल्ली _b हिन्दी पुस्तक भणडार _c1955 |
||
| 300 |
_a92पृ. _ccm. |
||
| 650 |
_aहिन्दी साहित्य _9156264 |
||
| 942 |
_hO152,3xN1, J5 _cTEXL _2CC |
||
| 999 |
_c374463 _d374463 |
||